Tipificación de pequeños agricultores : ejemplo de la metodología /

Αποθηκεύτηκε σε:
Λεπτομέρειες βιβλιογραφικής εγγραφής
Κύριος συγγραφέας: Miranda, Evaristo E.
Μορφή: Κείμενο
Ετικέτες: Προσθήκη ετικέτας
Δεν υπάρχουν, Καταχωρήστε ετικέτα πρώτοι!

MARC

LEADER 00000 a a2200000 04500
001 43468
003
040
100 |a Miranda, Evaristo E.  
245 |a Tipificación de pequeños agricultores :   |b ejemplo de la metodología /  |c Evaristo E. Miranda  
773 |g páginas 54-89  
999 |c 40174  |d 40174